[Event "Titled Tuesday intern op 25th Jun Late"]
[Site "Chess.com INT"]
[Date "2024.06.25"]
[Round "9"]
[White "Kovalenko, Igor"]
[Black "Shandrygin, Nikita"]
[Result "1/2-1/2"]
[WhiteElo "2674"]
[BlackElo "2209"]
[PlyCount "86"]
[EventDate "2024.06.25"]
[EventType "swiss (blitz)"]
[EventRounds "11"]
[EventCountry "USA"]
[SourceTitle "EXT 2025"]
[Source "ChessBase"]
[SourceDate "2024.10.14"]
[SourceVersion "1"]
[SourceVersionDate "2024.10.14"]
[SourceQuality "1"]

1. d4 d5 2. Bf4 Nc6 3. e3 Nf6 4. Nd2 Bf5 5. Ngf3 e6 6. Bb5 Bd6 7. 0-0 0-0 8. Bg5 h6 9. Bh4 Be7 10. Bxc6 bxc6 11. Ne5 c5 12. Nc6 Qe8 13. Nxe7+ Qxe7 14. dxc5 g5 15. Bg3 Qxc5 16. Rc1 c6 17. Nb3 Qb6 18. Qd4 Ne4 19. c4 c5 20. Qd1 Rfd8 21. cxd5 exd5 22. f3 Nxg3 23. hxg3 Rac8 24. Rf2 a5 25. g4 Bg6 26. Rd2 a4 27. Na1 d4 28. e4 c4 29. Kh1 a3 30. b3 c3 31. Rd3 h5 32. gxh5 Bxh5 33. Nc2 Qh6 34. Kg1 g4 35. fxg4 Bg6 36. Nxd4 Bxe4 37. Rdxc3 Rxc3 38. Rxc3 Qb6 39. Rc4 Bd5 40. Ra4 Bc6 41. Rc4 Bd5 42. Ra4 Bc6 43. Rc4 Bd5 1/2-1/2

[Event "Titled Tuesday intern op 25th Jun Late"]
[Site "Chess.com INT"]
[Date "2024.06.25"]
[Round "3"]
[White "Kovalenko, Igor"]
[Black "Volovich, Vasily"]
[Result "1-0"]
[WhiteElo "2674"]
[BlackElo "2177"]
[PlyCount "47"]
[EventDate "2024.06.25"]
[EventType "swiss (blitz)"]
[EventRounds "11"]
[EventCountry "USA"]
[SourceTitle "EXT 2025"]
[Source "ChessBase"]
[SourceDate "2024.10.14"]
[SourceVersion "1"]
[SourceVersionDate "2024.10.14"]
[SourceQuality "1"]

1. d4 Nf6 2. Nf3 e6 3. c4 d5 4. Nc3 Bb4 5. e3 0-0 6. Bd3 dxc4 7. Bxc4 c5 8. 0-0 cxd4 9. exd4 Nc6 10. Bg5 h6 11. Bh4 b6 12. d5 Na5 13. Bd3 Bxc3 14. bxc3 exd5 15. Nd4 Qd6 16. Re1 Ne4 17. c4 Nc5 18. Be7 Qf4 19. Bxf8 Kxf8 20. Ne2 Qg5 21. cxd5 Qxd5 22. Nf4 Qd4 23. Re8+ Kxe8 24. Bb5+ 1-0

[Event "Titled Tuesday intern op 25th Jun Early"]
[Site "Chess.com INT"]
[Date "2024.06.25"]
[Round "5"]
[White "Sahib, Singh"]
[Black "Kovalenko, Igor"]
[Result "0-1"]
[WhiteElo "2432"]
[BlackElo "2674"]
[PlyCount "116"]
[EventDate "2024.06.25"]
[EventType "swiss (blitz)"]
[EventRounds "11"]
[EventCountry "USA"]
[SourceTitle "EXT 2025"]
[Source "ChessBase"]
[SourceDate "2024.10.14"]
[SourceVersion "1"]
[SourceVersionDate "2024.10.14"]
[SourceQuality "1"]

1. e4 d5 2. exd5 Qxd5 3. Nc3 Qa5 4. h3 Nf6 5. Nf3 Bf5 6. Bc4 e6 7. 0-0 Nbd7 8. a3 c6 9. b4 Qc7 10. d4 h6 11. Qe2 Be7 12. Ne5 Nxe5 13. dxe5 Nd7 14. f4 b5 15. g4 Bh7 16. Bd3 Bxd3 17. cxd3 a5 18. Bd2 axb4 19. axb4 0-0 20. Ne4 c5 21. Rac1 Ra2 22. bxc5 Bxc5+ 23. Nxc5 Nxc5 24. d4 Qd7 25. Rxc5 Qxd4+ 26. Be3 Qxc5 27. Bxc5 Rxe2 28. Bxf8 Kxf8 29. Rb1 Re4 30. Rxb5 Rxf4 31. Rb8+ Ke7 32. Rb7+ Ke8 33. Rb8+ Kd7 34. Rg8 g6 35. Rh8 Kc6 36. Rxh6 Kd5 37. Kg2 Kxe5 38. Kg3 Rf1 39. Rh8 Kf6 40. h4 e5 41. Kg2 Rf4 42. Kg3 Ra4 43. Rb8 Ra3+ 44. Kg2 Ra6 45. Rb5 Rd6 46. Kf3 Ke6 47. Ke4 f5+ 48. gxf5+ gxf5+ 49. Kf3 Rd3+ 50. Ke2 e4 51. h5 Rh3 52. h6 Kf6 53. Rb6+ Kg5 54. Rb8 Rxh6 55. Ke3 Rh3+ 56. Kd4 Kf4 57. Rb1 Rd3+ 58. Kc4 Rd7 0-1

[Event "Titled Tuesday intern op 04th Jun Early"]
[Site "Chess.com INT"]
[Date "2024.06.04"]
[Round "5"]
[White "Causo, Deniel"]
[Black "Kovalenko, Igor"]
[Result "0-1"]
[WhiteElo "2224"]
[BlackElo "2674"]
[PlyCount "92"]
[EventDate "2024.06.04"]
[EventType "swiss (blitz)"]
[EventRounds "11"]
[EventCountry "USA"]
[SourceTitle "EXT 2025"]
[Source "ChessBase"]
[SourceDate "2024.10.14"]
[SourceVersion "1"]
[SourceVersionDate "2024.10.14"]
[SourceQuality "1"]

1. e4 d5 2. exd5 Qxd5 3. Nc3 Qa5 4. d4 Nf6 5. Nf3 c6 6. Bc4 Bf5 7. 0-0 Nbd7 8. Qe2 e6 9. Re1 Bd6 10. Ng5 0-0 11. h3 Rae8 12. Nge4 Bb4 13. Nxf6+ Nxf6 14. Qf3 Bxc2 15. Bf4 Nd5 16. Bd2 Nb6 17. Bb3 Qf5 18. Qg3 Bxb3 19. axb3 Ra8 20. Re5 Qc2 21. Bh6 Qg6 22. Qxg6 hxg6 23. Be3 Rfd8 24. d5 exd5 25. Ne2 Bd6 26. Rg5 Nc8 27. Rg4 a6 28. Rd1 Ne7 29. Bd4 f6 30. Bc3 Kf7 31. Nd4 Rd7 32. Re1 c5 33. Nf3 d4 34. Bd2 a5 35. Rge4 b6 36. g4 Nd5 37. h4 Re7 38. g5 Rxe4 39. Rxe4 Re8 40. Rxe8 Kxe8 41. gxf6 gxf6 42. Kf1 Kf7 43. Ke2 Bc7 44. Kd3 b5 45. Ke4 Ke6 46. Nh2 Bxh2 0-1

[Event "Titled Tuesday intern op 04th Jun Late"]
[Site "Chess.com INT"]
[Date "2024.06.04"]
[Round "1"]
[White "Radhakrishnan, Sharath"]
[Black "Kovalenko, Igor"]
[Result "1/2-1/2"]
[WhiteElo "2001"]
[BlackElo "2674"]
[PlyCount "227"]
[EventDate "2024.06.04"]
[EventType "swiss (blitz)"]
[EventRounds "11"]
[EventCountry "USA"]
[SourceTitle "EXT 2025"]
[Source "ChessBase"]
[SourceDate "2024.10.14"]
[SourceVersion "1"]
[SourceVersionDate "2024.10.14"]
[SourceQuality "1"]

1. e4 d5 2. exd5 Qxd5 3. Nf3 Bg4 4. Be2 Nc6 5. d4 0-0-0 6. c3 Nf6 7. h3 Bh5 8. Nbd2 e5 9. dxe5 Nxe5 10. 0-0 Nd3 11. Nb3 Ne4 12. Be3 Nxb2 13. Qc2 Nc4 14. Rad1 Nxe3 15. fxe3 Qe6 16. Rxd8+ Kxd8 17. Nfd4 Qe5 18. Bxh5 Ng3 19. Rd1 Bd6 20. Bf3 Qxe3+ 21. Qf2 Qxf2+ 22. Kxf2 Kc8 23. Nb5 Be5 24. Nxa7+ Kb8 25. Nb5 Nf5 26. N5d4 Bg3+ 27. Kg1 Ne3 28. Rd3 Nc4 29. Ne2 Be5 30. Bd5 Nd6 31. c4 c6 32. c5 Nb5 33. Bxf7 Nc7 34. Bc4 Re8 35. Re3 Bd4 36. Nexd4 Rxe3 37. Kf2 Rc3 38. Bg8 h6 39. g4 Rxh3 40. Kg2 Rc3 41. Bf7 Na6 42. Ne6 g5 43. Bg6 Nb4 44. Nbd4 Nxa2 45. Nf5 Nb4 46. Nxh6 Nd5 47. Be4 Ne3+ 48. Kf2 Ka7 49. Nxg5 Nxg4+ 50. Nxg4 Rxc5 51. Ne6 Rc4 52. Ke3 Ra4 53. Ne5 Kb6 54. Kd3 Ra3+ 55. Kd2 Rh3 56. Nf4 Rh4 57. Ke3 Rh2 58. Nfd3 Ra2 59. Kd4 Ra4+ 60. Nc4+ Kc7 61. Ndb2 Ra2 62. Kc3 b5 63. Nd2 Kb6 64. Kb3 Ra1 65. Nd3 c5 66. Bf5 Ra7 67. Be4 c4+ 68. Nxc4+ bxc4+ 69. Kxc4 Ra4+ 70. Kd5 Ra5+ 71. Ke6 Rh5 72. Bf5 Rh6+ 73. Ke5 Kb5 74. Nf4 Kc4 75. Bg4 Kc5 76. Kf5 Rb6 77. Ne6+ Kd5 78. Nf4+ Kd6 79. Bf3 Rb4 80. Kg5 Ke5 81. Nd3+ Kd4 82. Nxb4 Ke3 83. Bc6 Kd4 84. Kf5 Kc4 85. Na6 Kd4 86. Ke6 Kc4 87. Kd6 Kd4 88. Nc5 Ke3 89. Be8 Kd4 90. Kc6 Kc4 91. Bf7+ Kd4 92. Kd6 Ke3 93. Ke5 Kd2 94. Ne4+ Kd3 95. Bg8 Ke3 96. Bc4 Kf3 97. Nf6 Ke3 98. Ng4+ Kd2 99. Kf5 Kc3 100. Be6 Kd4 101. Kf4 Kc5 102. Ke5 Kc6 103. Ne3 Kc5 104. Bd5 Kb4 105. Kd4 Ka3 106. Kc3 Ka4 107. Bc4 Ka3 108. Nc2+ Ka4 109. Be2 Ka5 110. Nb4 Ka4 111. Kc4 Ka3 112. Bd3 Ka4 113. Bc2+ Ka3 114. Kc3 1/2-1/2

[Event "Titled Tuesday intern op 28th May Early"]
[Site "Chess.com INT"]
[Date "2024.05.28"]
[Round "9"]
[White "Begmuratov, Khumoyun"]
[Black "Kovalenko, Igor"]
[Result "0-1"]
[WhiteElo "2403"]
[BlackElo "2674"]
[PlyCount "118"]
[EventDate "2024.05.28"]
[EventType "swiss (blitz)"]
[EventRounds "11"]
[EventCountry "USA"]
[SourceTitle "EXT 2025"]
[Source "ChessBase"]
[SourceDate "2024.10.14"]
[SourceVersion "1"]
[SourceVersionDate "2024.10.14"]
[SourceQuality "1"]

1. e4 d5 2. exd5 Qxd5 3. Nc3 Qa5 4. Nf3 Nf6 5. d4 c6 6. Bd2 Bf5 7. Bc4 Nbd7 8. 0-0 e6 9. Re1 Qc7 10. h3 Be7 11. Bb3 h6 12. Qe2 0-0 13. Rad1 a5 14. a4 Rad8 15. Bc1 Bb4 16. Rf1 Rfe8 17. Na2 Bf8 18. c4 c5 19. Nc3 cxd4 20. Nxd4 Nc5 21. Bc2 Bxc2 22. Qxc2 e5 23. Ndb5 Qc6 24. Be3 Ne6 25. b3 Bc5 26. Bxc5 Nxc5 27. Nd5 Kf8 28. Nbc7 Nxd5 29. Nxd5 e4 30. Qc3 b6 31. Qe3 Rd6 32. Rfe1 Rde6 33. Rd4 Kg8 34. Red1 Re5 35. Nf4 Qf6 36. Nd5 Qg6 37. Nf4 Qg5 38. Rd5 Nxb3 39. h4 Qf5 40. Rxe5 Qxe5 41. Nd5 Nc5 42. Nxb6 Nd3 43. Nd5 f5 44. g3 Kh7 45. Nf4 Nb2 46. Rd5 Qf6 47. Qc5 Nd3 48. Rxf5 Nxc5 49. Rxf6 gxf6 50. Nd5 Rf8 51. Kf1 Nxa4 52. Ke2 Nc5 53. Ke3 a4 54. Kd4 Rc8 55. Nb6 Rc7 56. Nd5 Rc6 57. Nb4 Rc8 58. Nd5 a3 59. Kc3 Ra8 0-1

[Event "Titled Tuesday intern op 28th May Early"]
[Site "Chess.com INT"]
[Date "2024.05.28"]
[Round "6"]
[White "Florescu, Codrut Constantin"]
[Black "Kovalenko, Igor"]
[Result "1/2-1/2"]
[WhiteElo "2206"]
[BlackElo "2674"]
[PlyCount "175"]
[EventDate "2024.05.28"]
[EventType "swiss (blitz)"]
[EventRounds "11"]
[EventCountry "USA"]
[SourceTitle "EXT 2025"]
[Source "ChessBase"]
[SourceDate "2024.10.14"]
[SourceVersion "1"]
[SourceVersionDate "2024.10.14"]
[SourceQuality "1"]

1. d4 Nf6 2. Nf3 e6 3. c4 b6 4. g3 Ba6 5. Nbd2 d5 6. Bg2 c6 7. b3 Be7 8. 0-0 0-0 9. Bb2 Nbd7 10. Qc2 Rc8 11. e4 b5 12. c5 b4 13. Rfe1 Nxe4 14. Nxe4 dxe4 15. Qxe4 Nf6 16. Qc2 Nd5 17. Ne5 Bf6 18. a3 Bb5 19. a4 Ba6 20. Be4 g6 21. h4 Bg7 22. h5 Rc7 23. Kg2 f5 24. Bxd5 Qxd5+ 25. f3 g5 26. h6 Bxh6 27. Nc4 Bg7 28. Rad1 g4 29. Qe2 Bxc4 30. bxc4 gxf3+ 31. Qxf3 Qxc4 32. Re2 Qd5 33. Rde1 Rf6 34. Qxd5 exd5 35. a5 f4 36. Re8+ Kf7 37. a6 fxg3 38. Kxg3 Kg6 39. R1e7 Rf7 40. Rxc7 Rxc7 41. Rb8 h5 42. Rxb4 Bh6 43. Rb7 Rg7 44. Kh3 Bg5 45. Bc3 Bf6 46. Rb6 Rc7 47. Rb7 Re7 48. Ba5 Kf5 49. Bb6 Re3+ 50. Kg2 Ra3 51. Rxa7 h4 52. Rf7 Ke6 53. Rc7 Rxa6 54. Rxc6+ Kf5 55. Rd6 Ra2+ 56. Kh3 Ra3+ 57. Kh2 Bg5 58. Rxd5+ Kg4 59. Rxg5+ Kxg5 60. d5 Kf5 61. c6 Ke5 62. Bc5 Ra2+ 63. Kh3 Kxd5 64. c7 Ra8 65. Be7 Ke6 66. Bd8 Kf5 67. Kxh4 Ra4+ 68. Kg3 Rc4 69. Kf2 Ke4 70. Kg2 Rc3 71. Kf2 Rc2+ 72. Kg3 Rc6 73. Kf2 Rc3 74. Kg2 Kf4 75. Kh2 Kg4 76. Kg2 Rc2+ 77. Kf1 Kf3 78. Ke1 Ke3 79. Kf1 Ke4 80. Ke1 Kd3 81. Kd1 Rc6 82. Ke1 Ke3 83. Kd1 Rc4 84. Bg5+ Kd3 85. Bd8 Rc6 86. Ke1 Ke3 87. Bg5+ Kd3 88. Bd8 1/2-1/2

[Event "Titled Tuesday intern op 28th May Early"]
[Site "Chess.com INT"]
[Date "2024.05.28"]
[Round "4"]
[White "Jaskolka, Tomasz"]
[Black "Kovalenko, Igor"]
[Result "0-1"]
[WhiteElo "2273"]
[BlackElo "2674"]
[PlyCount "118"]
[EventDate "2024.05.28"]
[EventType "swiss (blitz)"]
[EventRounds "11"]
[EventCountry "USA"]
[SourceTitle "EXT 2025"]
[Source "ChessBase"]
[SourceDate "2024.10.14"]
[SourceVersion "1"]
[SourceVersionDate "2024.10.14"]
[SourceQuality "1"]

1. d4 d5 2. Nc3 e6 3. Bf4 a6 4. a3 c5 5. e3 Nc6 6. Nf3 b5 7. Be2 Bb7 8. 0-0 Rc8 9. Ne5 Nf6 10. Bf3 Nxe5 11. Bxe5 Bd6 12. Bxd6 Qxd6 13. Ne2 0-0 14. c3 e5 15. g3 cxd4 16. cxd4 e4 17. Bg2 Bc6 18. Qd2 Bd7 19. Rac1 Rc4 20. Qa5 Bg4 21. Nc3 Bf3 22. Rc2 g5 23. Rfc1 Kg7 24. b3 Rcc8 25. Qb4 Qe6 26. a4 bxa4 27. Nxa4 Rxc2 28. Rxc2 Bxg2 29. Kxg2 h5 30. Rc7 h4 31. Qe7 h3+ 32. Kf1 Qxe7 33. Rxe7 Rc8 34. Nc5 Ng4 35. Kg1 Rc6 36. Rd7 Rf6 37. Rxd5 Kh6 38. Nxe4 Rb6 39. Nc5 a5 40. Rd8 a4 41. Nxa4 Rxb3 42. Rh8+ Kg7 43. Rxh3 Ra3 44. Nc5 Ra2 45. Ne4 f6 46. Kg2 Nxe3+ 47. Kf3 Nf5 48. Rh5 Nxd4+ 49. Kg2 Nc2 50. Nxg5 Kg6 51. Rh8 Kxg5 52. Rg8+ Kf5 53. h4 Ne3+ 54. Kf3 Nc4 55. h5 Ne5+ 56. Kg2 Ng4 57. Kh3 Nxf2+ 58. Kh4 Ng4 59. Rxg4 Rh2# 0-1

[Event "Titled Tuesday intern op 28th May Early"]
[Site "Chess.com INT"]
[Date "2024.05.28"]
[Round "11"]
[White "Kovalenko, Igor"]
[Black "Fiorito, Joaquin"]
[Result "1/2-1/2"]
[WhiteElo "2674"]
[BlackElo "2399"]
[PlyCount "132"]
[EventDate "2024.05.28"]
[EventType "swiss (blitz)"]
[EventRounds "11"]
[EventCountry "USA"]
[SourceTitle "EXT 2025"]
[Source "ChessBase"]
[SourceDate "2024.10.14"]
[SourceVersion "1"]
[SourceVersionDate "2024.10.14"]
[SourceQuality "1"]

1. e4 c5 2. Nf3 d6 3. d4 cxd4 4. Nxd4 Nf6 5. Nc3 a6 6. Bg5 Nc6 7. Nxc6 bxc6 8. e5 h6 9. Bf4 Ng8 10. exd6 exd6 11. Be2 Nf6 12. 0-0 Be7 13. Bf3 d5 14. Re1 0-0 15. Qd4 Be6 16. Na4 Nd7 17. Rad1 Bf6 18. Qd2 Re8 19. b3 g5 20. Bg3 Bg7 21. h3 Qf6 22. Be2 a5 23. c4 d4 24. Bf3 Bxh3 25. Bxc6 Qxc6 26. gxh3 Be5 27. Qe2 Bxg3 28. Qxe8+ Rxe8 29. Rxe8+ Kg7 30. fxg3 Qf3 31. Rxd4 Qxg3+ 32. Kf1 Qxh3+ 33. Ke2 Nf6 34. Re3 Qg2+ 35. Kd3 Ng4 36. Re2 Qf3+ 37. Kd2 Nf6 38. Nc3 g4 39. Rd3 Qf4+ 40. Kc2 h5 41. Nd5 Qf1 42. Re5 Nxd5 43. cxd5 Qf2+ 44. Rd2 Qc5+ 45. Kb2 Kg6 46. Re4 Qd6 47. Rc4 Qe5+ 48. Ka3 Qd6+ 49. Ka4 Qd7+ 50. Kxa5 g3 51. d6 Kg5 52. Rd5+ f5 53. Rcc5 g2 54. Rxf5+ Qxf5 55. Rxf5+ Kxf5 56. d7 g1Q 57. d8Q Qa7+ 58. Kb5 Qxa2 59. Qd3+ Kg5 60. Qg3+ Kf6 61. Qf4+ Kg6 62. Qe4+ Kg5 63. Qe5+ Kg4 64. Qe4+ Kg5 65. Qe3+ Kg4 66. Qe4+ Kg5 1/2-1/2

[Event "Titled Tuesday intern op 28th May Early"]
[Site "Chess.com INT"]
[Date "2024.05.28"]
[Round "3"]
[White "Kovalenko, Igor"]
[Black "Gutierrez Olivares, Daniel"]
[Result "1/2-1/2"]
[WhiteElo "2674"]
[BlackElo "2354"]
[PlyCount "96"]
[EventDate "2024.05.28"]
[EventType "swiss (blitz)"]
[EventRounds "11"]
[EventCountry "USA"]
[SourceTitle "EXT 2025"]
[Source "ChessBase"]
[SourceDate "2024.10.14"]
[SourceVersion "1"]
[SourceVersionDate "2024.10.14"]
[SourceQuality "1"]

1. e4 e6 2. d4 d5 3. Nc3 Bb4 4. e5 Ne7 5. Nge2 Nbc6 6. a3 Ba5 7. b4 Bb6 8. f4 Nf5 9. Na4 Bxd4 10. Nxd4 Ncxd4 11. g3 Qd7 12. Nc5 Qe7 13. c3 Nc6 14. Bd3 g6 15. 0-0 b6 16. Nb3 Bd7 17. a4 a6 18. Qe2 Nb8 19. g4 Ng7 20. Be3 h5 21. g5 Nf5 22. Bxf5 gxf5 23. Qf2 Kf8 24. a5 Kg7 25. axb6 cxb6 26. Bxb6 Bb5 27. Rfc1 Nd7 28. Bd4 Nf8 29. Bc5 Qc7 30. Bxf8+ Rhxf8 31. Qd4 Rfc8 32. Ra5 Qc4 33. Qxc4 Rxc4 34. Nd4 Rac8 35. Ne2 R4c7 36. Rc2 Bxe2 37. Rxe2 Rxc3 38. Rxa6 R8c4 39. Rb2 Rxf4 40. b5 Rg4+ 41. Kf2 Rf4+ 42. Kg2 h4 43. h3 Rff3 44. Kh2 Rxh3+ 45. Kg1 Rhg3+ 46. Kh2 Rh3+ 47. Kg1 Rhg3+ 48. Kh2 Rh3+ 1/2-1/2

[Event "Titled Tuesday intern op 21st May Early"]
[Site "Chess.com INT"]
[Date "2024.05.21"]
[Round "6"]
[White "Kovalenko, Igor"]
[Black "Causo, Deniel"]
[Result "1-0"]
[WhiteElo "2674"]
[BlackElo "2224"]
[PlyCount "99"]
[EventDate "2024.05.21"]
[EventType "swiss (blitz)"]
[EventRounds "11"]
[EventCountry "USA"]
[SourceTitle "CBM 220 Extra"]
[Source "ChessBase"]
[SourceDate "2024.07.31"]
[SourceVersion "1"]
[SourceVersionDate "2024.07.31"]
[SourceQuality "1"]

1. e4 d5 2. exd5 Nf6 3. d4 Nxd5 4. c4 Nb6 5. Nf3 Bg4 6. c5 N6d7 7. h3 Bxf3 8. Qxf3 Nc6 9. Be3 Nf6 10. Bb5 Qd5 11. Qxd5 Nxd5 12. Nc3 0-0-0 13. Nxd5 Rxd5 14. Bc4 Rf5 15. g4 Rf6 16. Ke2 e6 17. Bd3 h6 18. Be4 Be7 19. h4 Rd8 20. Rad1 g5 21. hxg5 hxg5 22. Rh7 Rg8 23. a3 Bd8 24. b4 Ne7 25. Rdh1 Nd5 26. Rh8 Rxh8 27. Rxh8 Nf4+ 28. Kd2 c6 29. f3 Kd7 30. a4 Bc7 31. b5 Ba5+ 32. Kc2 Bc7 33. Kb3 e5 34. Kc4 Ne6 35. d5 cxd5+ 36. Kxd5 Nf4+ 37. Kc4 b6 38. Bf5+ Ke7 39. Rc8 Bd8 40. Ra8 Rh6 41. Rxa7+ Ke8 42. Ra8 bxc5 43. a5 Rh1 44. b6 Re1 45. Bxf4 exf4 46. b7 Rc1+ 47. Kd5 Rd1+ 48. Kc6 Ke7 49. b8Q Rd6+ 50. Qxd6+ 1-0

[Event "Titled Tuesday intern op 21st May Early"]
[Site "Chess.com INT"]
[Date "2024.05.21"]
[Round "4"]
[White "Kovalenko, Igor"]
[Black "Nazari, Arad"]
[Result "1-0"]
[WhiteElo "2674"]
[BlackElo "2370"]
[PlyCount "145"]
[EventDate "2024.05.21"]
[EventType "swiss (blitz)"]
[EventRounds "11"]
[EventCountry "USA"]
[SourceTitle "CBM 220 Extra"]
[Source "ChessBase"]
[SourceDate "2024.07.31"]
[SourceVersion "1"]
[SourceVersionDate "2024.07.31"]
[SourceQuality "1"]

1. e4 c5 2. Nf3 d6 3. Bb5+ Nd7 4. 0-0 Ngf6 5. Re1 a6 6. Bf1 b5 7. a4 Bb7 8. d4 Nxe4 9. axb5 axb5 10. Rxa8 Bxa8 11. Bxb5 e6 12. dxc5 Nexc5 13. b4 Qb6 14. c4 Ne4 15. Be3 Qb7 16. Qa4 Nef6 17. c5 Qc8 18. cxd6 Bxd6 19. Rd1 Ke7 20. Nbd2 Rd8 21. Nc4 Bc7 22. Nd4 Nd5 23. Bg5+ f6 24. Re1 Ne5 25. Nxe5 Bxe5 26. Rxe5 fxg5 27. Rxe6+ Kf8 28. Re1 Nc3 29. Qa7 Nxb5 30. Nxb5 Qb7 31. Qxb7 Bxb7 32. Nc7 Rd7 33. Ne6+ Kg8 34. Nxg5 g6 35. f3 Rd4 36. Rb1 Rd6 37. Kf2 Rd2+ 38. Kg1 h6 39. Ne6 Bc8 40. Nc5 Kf7 41. b5 Rc2 42. Ne4 g5 43. Nd6+ Ke6 44. Nxc8 Rxc8 45. b6 Rb8 46. b7 Kd6 47. Rb6+ Kc5 48. Rxh6 Rxb7 49. Rg6 Kd4 50. Kf2 Rb2+ 51. Kg3 Rb5 52. h3 Ke3 53. Re6+ Kd3 54. Re4 Ra5 55. Kg4 Kd2 56. g3 Kd3 57. h4 gxh4 58. Kxh4 Ra8 59. g4 Rf8 60. Kg3 Rh8 61. g5 Rh1 62. Kg4 Rg1+ 63. Kf5 Rf1 64. f4 Ra1 65. Re5 Kd4 66. g6 Ra7 67. Kg5 Ra1 68. Re6 Kd5 69. f5 Rh1 70. Kf6 Rg1 71. g7 Rg2 72. Kf7 Rg5 73. f6 1-0

[Event "Titled Tuesday intern op 21st May Early"]
[Site "Chess.com INT"]
[Date "2024.05.21"]
[Round "3"]
[White "Wu, Derek"]
[Black "Kovalenko, Igor"]
[Result "0-1"]
[WhiteElo "2295"]
[BlackElo "2674"]
[PlyCount "126"]
[EventDate "2024.05.21"]
[EventType "swiss (blitz)"]
[EventRounds "11"]
[EventCountry "USA"]
[SourceTitle "CBM 220 Extra"]
[Source "ChessBase"]
[SourceDate "2024.07.31"]
[SourceVersion "1"]
[SourceVersionDate "2024.07.31"]
[SourceQuality "1"]

1. d4 Nf6 2. c4 e6 3. Nf3 b6 4. a3 Bb7 5. Bf4 d6 6. Nc3 Ne4 7. Nxe4 Bxe4 8. Nd2 Bb7 9. e4 Nd7 10. Bg3 g6 11. Bd3 Bg7 12. Nf3 e5 13. d5 a5 14. b4 0-0 15. 0-0 Bh6 16. Qc2 Qe7 17. Bh4 f6 18. h3 Ra7 19. Ra2 Rfa8 20. Rfa1 Bc8 21. Nh2 Bf4 22. g3 Bh6 23. g4 Bf4 24. Bg3 g5 25. Nf1 Kg7 26. Ne3 Bxe3 27. fxe3 Nf8 28. Qc3 axb4 29. Qxb4 Bd7 30. Bc2 Be8 31. a4 Ra5 32. Be1 h5 33. Qb2 hxg4 34. hxg4 Ng6 35. Bd1 Bd7 36. Bxa5 Rxa5 37. Qf2 Nh4 38. Qg3 Qf7 39. Bb3 Qg6 40. Bc2 Qe8 41. Rf1 Qe7 42. Bd1 Ra8 43. Qe1 Be8 44. a5 bxa5 45. Rxa5 Rxa5 46. Qxa5 Bg6 47. Bc2 Qd7 48. Bd1 Bxe4 49. Be2 f5 50. Qe1 f4 51. exf4 exf4 52. Qc3+ Kf7 53. Qh8 f3 54. Qh5+ Kf6 55. Qh6+ Kf7 56. Qh5+ Kf6 57. Qh6+ Kf7 58. Qxg5 Qe7 59. Qh5+ Kg7 60. Bd1 Qf6 61. g5 Qd4+ 62. Kh2 Qe5+ 63. Kh1 f2+ 0-1

[Event "Titled Tuesday intern op 07th May Early"]
[Site "Chess.com INT"]
[Date "2024.05.07"]
[Round "4"]
[White "Kovalenko, Igor"]
[Black "Martic, Ivan"]
[Result "0-1"]
[WhiteElo "2674"]
[BlackElo "2280"]
[PlyCount "94"]
[EventDate "2024.05.07"]
[EventType "swiss (blitz)"]
[EventRounds "11"]
[EventCountry "USA"]
[SourceTitle "EXT 2025"]
[Source "ChessBase"]
[SourceDate "2024.10.14"]
[SourceVersion "1"]
[SourceVersionDate "2024.10.14"]
[SourceQuality "1"]

1. e4 c5 2. Nf3 e6 3. c3 Nf6 4. e5 Nd5 5. d4 cxd4 6. cxd4 d6 7. Bc4 Nc6 8. 0-0 Be7 9. Qe2 0-0 10. Rd1 Na5 11. Bb5 a6 12. Bd3 Nb4 13. Nc3 Nxd3 14. Rxd3 Bd7 15. exd6 Bxd6 16. Ng5 Qc7 17. Rh3 h6 18. Qd3 f5 19. Nf3 Qc4 20. Qd1 Bc6 21. Qe1 Bxf3 22. Rxf3 Rae8 23. b3 Qc7 24. Bd2 Nc6 25. Ne2 e5 26. dxe5 Nxe5 27. Rc3 Qf7 28. Qd1 Bb8 29. Bf4 Rd8 30. Qc2 Qd5 31. h3 Nc6 32. Bxb8 Rxb8 33. Rd1 Qe5 34. Re3 Qf6 35. Nf4 Kh7 36. Re6 Qf7 37. Rdd6 Rbd8 38. h4 Nd4 39. Qc3 Nxe6 40. Rxe6 Rfe8 41. Rb6 Re4 42. g3 Qd7 43. Kg2 Rd4 44. Qf3 Rb8 45. Ne6 Rd3 46. Qxf5+ Kh8 47. h5 Re8 0-1

[Event "Titled Tuesday intern op 19th Mar Late"]
[Site "Chess.com INT"]
[Date "2024.03.19"]
[Round "2"]
[White "Crevatin, Leo"]
[Black "Kovalenko, Igor"]
[Result "1-0"]
[WhiteElo "2259"]
[BlackElo "2674"]
[PlyCount "53"]
[EventDate "2024.03.19"]
[EventType "swiss (blitz)"]
[EventRounds "11"]
[EventCountry "USA"]
[SourceTitle "EXT 2025"]
[Source "ChessBase"]
[SourceDate "2024.10.14"]
[SourceVersion "1"]
[SourceVersionDate "2024.10.14"]
[SourceQuality "1"]

1. d4 Nf6 2. c4 e6 3. Nf3 b6 4. a3 Ba6 5. Qc2 Bb7 6. Nc3 c5 7. e4 cxd4 8. Nxd4 Nc6 9. Nxc6 Bxc6 10. Bf4 Bc5 11. Rd1 0-0 12. Be2 a5 13. 0-0 Qe7 14. Bg5 h6 15. Bh4 d6 16. Kh1 g5 17. Bg3 e5 18. Nd5 Nxd5 19. cxd5 Bd7 20. f3 a4 21. Bf2 Kh8 22. Qd2 h5 23. Be3 Rg8 24. g3 h4 25. gxh4 gxh4 26. Bxc5 bxc5 27. Qh6# 1-0